000 00567nam a2200229Ia 4500
003 OSt
005 20220924151903.0
006 a|||||r|||| 00| 0
007 ta
008 220923b |||||||| |||| 00| 0 mar d
024 _a339462
037 _cTextual
040 _aARTS
_cARTS
_bmar
041 _2mar
_amar
082 _aO155,1:g, L3
100 _aNikumb K.B. Au.
_9225175
245 0 _aParkh
260 _c1973
650 _aMARATHI LITERATURE
_938000
942 _hO155,1:g, L3
_cTEXL
_2CC
999 _c467942
_d467942